Max Steel : (Record no. 7567)

MARC details
000 -LEADER
fixed length control field 01049nam a22003137a 4500
001 - CONTROL NUMBER
control field 7567
003 - CONTROL NUMBER IDENTIFIER
control field FISKH
005 - DATE AND TIME OF LATEST TRANSACTION
control field 20250724103620.0
008 - FIXED-LENGTH DATA ELEMENTS--GENERAL INFORMATION
fixed length control field 250724b cb ||||| |||| 00| 0 eng d
020 ## - INTERNATIONAL STANDARD BOOK NUMBER
International Standard Book Number 9780439225656
040 ## - CATALOGING SOURCE
Original cataloging agency IMF
Transcribing agency IMF
Modifying agency DLC
Language of cataloging eng
050 ## - LIBRARY OF CONGRESS CALL NUMBER
Classification number PZ7
082 ## - DEWEY DECIMAL CLASSIFICATION NUMBER
Classification number 600
100 1# - MAIN ENTRY--PERSONAL NAME
Personal name Danko, Dan
245 ## - TITLE STATEMENT
Title Max Steel :
Statement of responsibility, etc. Take it to the Max /
Remainder of title By Dan Danko and Tom Mason ; Based on the teleplay " Sacrifices" written by Greg Weisman
250 ## - EDITION STATEMENT
Edition statement This edition first published in 2001
260 ## - PUBLICATION, DISTRIBUTION, ETC.
Place of publication, distribution, etc. New York :
Name of publisher, distributor, etc. Scholastic,
Date of publication, distribution, etc. 2001.
300 ## - PHYSICAL DESCRIPTION
Extent 61 pages :
Other physical details illustrations ;
Dimensions 20 cm
490 0# - SERIES STATEMENT
Series statement Max Steel
505 ## - FORMATTED CONTENTS NOTE
Formatted contents note R<br/>
520 ## - SUMMARY, ETC.
Summary, etc. Infected with nanoprobes, Josh McGrath can transform into N-Tek secret agent Max Steel. Max's superhuman strength and speed make him the perfect choice for N-Tek's toughest jobs.<br/>
521 8# - TARGET AUDIENCE NOTE
Target audience note 700<br/>
Source Lexile<br/>
521 8# - TARGET AUDIENCE NOTE
Target audience note R<br/>
Source Raz-Plus<br/>
650 ## - SUBJECT ADDED ENTRY--TOPICAL TERM
Source of heading or term Superheroes
Topical term or geographic name entry element Chapter book
650 ## - SUBJECT ADDED ENTRY--TOPICAL TERM
Source of heading or term Boys
700 1# - ADDED ENTRY--PERSONAL NAME
Personal name Mason, Tom,
Dates associated with a name (1958-)
942 ## - ADDED ENTRY ELEMENTS (KOHA)
Source of classification or shelving scheme Dewey Decimal Classification
Koha item type Books
Suppress in OPAC No
Holdings
Withdrawn status Lost status Source of classification or shelving scheme Damaged status Not for loan Collection Home library Current library Shelving location Date acquired Total Checkouts Full call number Barcode Date last seen Copy number Price effective from Koha item type
    Dewey Decimal Classification     Juvenile Fiction Footprints International School Library Network Toul Tom Poung Campus Footprints International School Library Network Toul Tom Poung Campus TTP Primary Orange Bookshelves 07/24/2025   DAN 600 PZ7 2025-2804 07/24/2025 1 07/24/2025 Books